Materiales prehistóricos de Seriñá : II. La Colección Bosóms / L. Pericot García, J. Maluquer de Motes II. La Colección Bosóms / L. Pericot García, J. Maluquer de Motes
Descripción Física:
76 p. ; 25 cm
Otros Autores:
Maluquer de Motes, Joan, 1915-1988
Materias:
Prehistòria -- Catalunya
MARC
| LEADER | 00000nam a2200000Ia 4500 | ||
|---|---|---|---|
| 001 | 17328 | ||
| 008 | 160829s1951 xx 000 0 cat d | ||
| 080 | |a H-2-320 | ||
| 100 | |a Pericot i García, Lluís |9 20529 | ||
| 245 | |a Materiales prehistóricos de Seriñá : |b II. La Colección Bosóms / L. Pericot García, J. Maluquer de Motes | ||
| 260 | |a Zaragoza : |b Consejo Superior de Investigaciones Científicas, |c 1951 | ||
| 300 | |a 76 p. ; |c 25 cm | ||
| 490 | |a Monografías del Instituto de Estudios Pirenaicos | ||
| 590 | |a Prové de R.168 del currículum per la plaça de conservador del Museu Arqueològic, 1957 | ||
| 650 | |a Prehistòria |x Catalunya |9 46625 | ||
| 700 | 1 | |a Maluquer de Motes, Joan, |d 1915-1988 |9 30020 | |
| 901 | |a Arxiu | ||
| 942 | |n 1 | ||
| 952 | |0 0 |1 0 |4 0 |6 H2320 |7 1 |9 53394 |a Arxiu |b Arxiu |d 2016-12-01 |l 0 |o H-2-320 |p 17328 |r 2016-12-01 00:00:00 |w 2016-12-01 |y ARXIU | ||
| 999 | |c 57259 |d 57259 | ||